03946 2201681 4500001002100000005001500021035002000036007000300056008004100059020002000100082000800120084002000128100002200148245002800170260003100198300001900229990001600248990001600264990001600280990001600296990001600312990001600328990001600344990001600360990001600376990001600392990001600408990001600424990001600440990001600456990001600472990001600488990001600504990001600520990001600536990001600552990001600568990001600584990001600600990001600616990001600632990001600648990001600664990001600680990001600696990001600712990001600728990001600744990001600760990001600776990001600792990001600808990001600824990001600840990001600856990001600872990001600888990001600904990001600920990001600936990001600952990001600968990001600984990001601000990001601016990001601032990001601048990001601064990001601080990001601096990001601112990001601128990001601144990001601160990001601176990001601192990001601208990001601224990001601240990001601256990001601272990001601288990001601304990001601320990001601336990001601352990001601368990001601384990001601400990001601416990001601432990001601448990001601464990001601480990001601496990001601512990001601528990001601544990001601560990001601576990001601592990001601608990001601624990001601640990001601656990001601672990001601688990001601704990001601720990001601736990001601752990001601768990001601784990001601800990001601816990001601832990001601848990001601864990001601880990001601896990001601912990001601928990001601944990001601960990001601976990001601992990001602008990001602024990001602040990001602056990001602072990001602088990001602104990001602120990001602136990001602152990001602168990001602184990001602200990001602216990001602232990001602248INLIS00000000000180720240823103019 a0010-0824000013ta240823 g 0 ind  a978-623-266-766 a574 a574 IRN b.c.1260 aIrnaningtyas, dkk1 aBiologi Kelas XI Kurmer aJakarta :bErlangga,c2024 a558 ;c24,5 cm a2024/P/0743 a2024/P/0744 a2024/P/0745 a2024/P/0746 a2024/P/0747 a2024/P/0748 a2024/P/0749 a2024/P/0750 a2024/P/0751 a2024/P/0752 a2024/P/0753 a2024/P/0754 a2024/P/0755 a2024/P/0756 a2024/P/0757 a2024/P/0758 a2024/P/0759 a2024/P/0760 a2024/P/0761 a2024/P/0762 a2024/P/0763 a2024/P/0764 a2024/P/0765 a2024/P/0766 a2024/P/0767 a2024/P/0768 a2024/P/0769 a2024/P/0770 a2024/P/0771 a2024/P/0772 a2024/P/0773 a2024/P/0774 a2024/P/0775 a2024/P/0776 a2024/P/0777 a2024/P/0778 a2024/P/0779 a2024/P/0780 a2024/P/0781 a2024/P/0782 a2024/P/0783 a2024/P/0784 a2024/P/0785 a2024/P/0786 a2024/P/0787 a2024/P/0788 a2024/P/0789 a2024/P/0790 a2024/P/0791 a2024/P/0792 a2024/P/0793 a2024/P/0794 a2024/P/0795 a2024/P/0796 a2024/P/0797 a2024/P/0798 a2024/P/0799 a2024/P/0800 a2024/P/0801 a2024/P/0802 a2024/P/0803 a2024/P/0804 a2024/P/0805 a2024/P/0806 a2024/P/0807 a2024/P/0808 a2024/P/0809 a2024/P/0810 a2024/P/0811 a2024/P/0812 a2024/P/0813 a2024/P/0814 a2024/P/0815 a2024/P/0816 a2024/P/0817 a2024/P/0818 a2024/P/0819 a2024/P/0820 a2024/P/0821 a2024/P/0822 a2024/P/0823 a2024/P/0824 a2024/P/0825 a2024/P/0826 a2024/P/0827 a2024/P/0828 a2024/P/0829 a2024/P/0830 a2024/P/0831 a2024/P/0832 a2024/P/0833 a2024/P/0834 a2024/P/0835 a2024/P/0836 a2024/P/0837 a2024/P/0838 a2024/P/0839 a2024/P/0840 a2024/P/0841 a2024/P/0842 a2024/P/0843 a2024/P/0844 a2024/P/0845 a2024/P/0846 a2024/P/0847 a2024/P/0848 a2024/P/0849 a2024/P/0850 a2024/P/0851 a2024/P/0852 a2024/P/0853 a2024/P/0854 a2024/P/0855 a2024/P/0856 a2024/P/0857 a2024/P/0858 a2024/P/0859 a2024/P/0860 a2024/P/0861 a2024/P/0862 a2024/P/0863 a2024/P/0864 a2024/P/0865 a2024/P/0866 a2024/P/0867 a2024/P/0868